LOTR Ringbearer Rivalry Quiz Stats

 Plays Quiz Updated Apr 4, 2013

Challenge
Share
Tweet
Embed
Score 0/9 Timer 03:00
0 Plays Today
% Correct
Frodo Baggins
95.3%
Bilbo Baggins
93.7%
Gollum
93.3%
Samwise Gamgee
86.1%
Sauron
81.1%
Isildur
71.5%
Déagol
65.4%
Gandalf
60.3%
Tom Bombadil
55.2%

You're not logged in!

Compare scores with friends on all Sporcle quizzes.
OR
Log In

You Might Also Like...

Show Comments

Extras

Top Quizzes Today


Score Distribution

Your Account Isn't Verified!

In order to create a playlist on Sporcle, you need to verify the email address you used during registration. Go to your Sporcle Settings to finish the process.

Report this User

Report this user for behavior that violates our Community Guidelines.

Details: